| 000 | 01141cam a2200205 4500 | ||
|---|---|---|---|
| 008 | 040326n2003 000 0 eng u | ||
| 020 | _a0110484339 | ||
| 035 | _a(Sirsi) u125597 | ||
| 041 | _aeng | ||
| 245 | 4 | _aThe Pollution Prevention and Control (England and Wales) (Amendment) (No 2) Regulations 2003 | |
| 260 |
_aLondon _bHMSO _c2003 |
||
| 490 |
_aSI _v2003: 3296 |
||
| 520 | _aCame into force 7 January 2004. Amend the Pollution Prevention and Control (England and Wales) Regulations 2000. Amendments include changes to the definition of specified waste management activity as specified in Reg 2(1) and the deletion and replacement of Reg 4 para 3(b) to (d) relating to fit and proper persons. See Explanatory Note for full details of changes. View at www.legislation.hmso.gov.uk/stat.htm. | ||
| 650 | _aPOLLUTION PREVENTION AND CONTROL (ENGLAND AND WALES) REGULATIONS 2000 | ||
| 650 | _aWASTE DISPOSAL | ||
| 650 | _aLANDFILL | ||
| 690 | _aENVIRONMENTAL AND LAND CONSULTANCY-WASTE MANAGEMENT | ||
| 856 |
_uhttps://www.legislation.hmso.gov.uk/si/si2003/20033296.htm _zView the Regulations on the HMSO website... |
||
| 942 | _n0 | ||
| 999 |
_c103441 _d103441 |
||